00437nam a2200169Ia 4500003000400000005001700004008004100021020001500062040000700077041000800084082002300092100003000115245005000145260004500195300001400240365001300254OSt20230328142804.0210423s2008 xx 000 0 und d a8173716234 cAL aeng a541.242 223bSWAS aSWARNALAKSHMI (S);others. aSimple approach to group theory in chemistry. aAndhra PradeshbUniversities Pressc2008 av,147bPB b190cINR